000
00256nam a2200109Ia 4500
008
200302s9999 xx 000 0 und d
100
_a
Eugene P. Odum
245
_a
Fundamentals of Ecology
260
_b
Natraj Publishers
260
_c
1996
300
_a
574 P.,
999
_c
5492
_d
5492